5 plus grandes villes de chaque département français - Statistiques

Statistiques générales
  • Ce quiz a été pris 1 073 fois
    1 009 depuis la dernière actualisation
  • Le résultat moyen est 148 sur 500
Statistiques - réponses
Population Ville % Correct
54 15 849 Toul
81%
13 873 076 Marseille
80%
69 522 250 Lyon
79%
06 348 085 Nice
79%
33 261 804 Bordeaux
76%
34 302 454 Montpellier
76%
31 504 078 Toulouse
76%
67 291 313 Strasbourg
75%
01 41 525 Bourg en Bresse
74%
59 236 710 Lille
74%
44 323 204 Nantes
74%
35 225 081 Rennes
74%
29 139 619 Brest
73%
21 159 346 Dijon
73%
38 157 477 Grenoble
71%
85 54 952 La Roche sur Yon
71%
83 180 452 Toulon
71%
37 137 658 Tours
71%
14 108 200 Caen
70%
30 148 104 Nîmes
69%
93 113 942 Saint Denis
69%
974 154 765 Saint Denis
69%
2A 73 822 Ajaccio
68%
06 73 255 Cannes
68%
17 78 535 La Rochelle
67%
57 120 874 Metz
67%
66 119 656 Perpignan
67%
42 172 718 Saint Étienne
67%
76 28 508 Saint Étienne du Rouvray
67%
26 64 483 Valence
67%
13 147 478 Aix en Provence
66%
74 131 715 Annecy
66%
2B 48 768 Bastia
66%
63 147 327 Clermont-Ferrand
66%
45 116 617 Orléans
66%
64 77 066 Pau
66%
49 157 175 Angers
65%
76 166 058 Le Havre
65%
72 145 004 Le Mans
65%
29 63 642 Quimper
65%
59 86 788 Dunkerque
64%
68 106 341 Mulhouse
64%
54 104 260 Nancy
64%
51 179 380 Reims
64%
76 114 083 Rouen
64%
80 133 625 Amiens
63%
25 119 198 Besançon
63%
11 46 218 Carcassonne
63%
84 90 330 Avignon
62%
68 67730 Colmar
62%
10 62 782 Troyes
62%
78 83 587 Versailles
62%
69 156 928 Villeurbanne
62%
64 52 749 Bayonne
61%
05 40 500 Gap
61%
56 57 846 Lorient
61%
86 90 240 Poitiers
61%
35 47 323 Saint Malo
61%
90 45 155 Belfort
60%
34 80 341 Béziers
60%
64 25 764 Biarritz
60%
62 67 380 Calais
60%
87 128 760 Limoges
60%
56 54 420 Vannes
60%
73 59 856 Chambéry
59%
89 34 778 Auxerre
58%
92 119 808 Boulogne-Billancourt
58%
62 40 910 Boulogne sur Mer
58%
11 56 395 Narbonne
58%
18 63 702 Bourges
57%
51 43 877 Châlons en Champagne
57%
08 46 398 Charleville-Mézières
57%
59 98 892 Roubaix
57%
22 44 224 Saint Brieuc
57%
44 72 057 Saint Nazaire
57%
16 41 086 Angoulême
56%
41 46 813 Blois
56%
50 77 808 Cherbourg en Cotentin
56%
50 19 373 Saint Lô
56%
28 38 447 Chartres
55%
36 42 968 Châteauroux
55%
27 47 289 Évreux
55%
53 49 657 Laval
55%
79 59 309 Niort
55%
02 52 958 Saint Quentin
55%
19 13 992 Tulle
55%
15 25 815 Aurillac
54%
02 24 021 Laon
54%
62 32 618 Lens
54%
71 34 448 Mâcon
54%
58 32 830 Nevers
54%
81 49 714 Albi
53%
13 50 415 Arles
53%
60 56 677 Beauvais
53%
19 46 599 Brive la Gaillarde
53%
09 9 472 Foix
53%
40 30 674 Mont de Marsan
53%
24 29 516 Périgueux
53%
12 24 207 Rodez
53%
65 43 955 Tarbes
53%
47 32 485 Agen
52%
06 75 130 Antibes
52%
55 14 668 Bar le Duc
52%
82 61 919 Montauban
52%
92 97 351 Nanterre
52%
34 44 712 Sète
52%
59 99 011 Tourcoing
52%
03 25 789 Vichy
52%
62 42 600 Arras
51%
972 81 017 Fort de France
51%
03 19 343 Moulins
51%
45 21 700 Saint Jean de Braye
51%
40 21 347 Dax
50%
88 32 285 Épinal
50%
91 66 177 Évry-Courcouronnes
50%
32 23 041 Auch
49%
04 17 192 Digne les Bains
49%
77 42 367 Melun
49%
974 84 077 Saint Pierre
49%
37 15 909 Saint Pierre des Corps
49%
46 20 141 Cahors
48%
973 54 709 Cayenne
48%
94 92 989 Créteil
48%
43 18 629 Le Puy en Velay
48%
48 12 316 Mende
48%
2A 11 229 Porto Vecchio
48%
61 25 555 Alençon
47%
23 12 840 Guéret
47%
72 12 096 Sablé sur Sarthe
47%
39 17 043 Lons le Saunier
46%
976 71 437 Mamoudzou
46%
974 105 240 Saint Paul
46%
40 14 317 Saint Paul lès Dax
46%
08 16 608 Sedan
46%
95 68 348 Cergy
45%
83 57 082 Fréjus
45%
74 37 027 Thonon les Bains
45%
30 43 892 Alès
44%
81 42 672 Castres
44%
26 40 399 Montélimar
44%
03 33 342 Montluçon
44%
84 28 949 Orange
44%
77 55 616 Meaux
43%
33 75 729 Mérignac
43%
70 15 130 Vesoul
43%
24 26 323 Bergerac
42%
05 10 561 Briançon
42%
52 21 699 Chaumont
42%
49 53 936 Cholet
42%
25 25 573 Montbéliard
42%
17 25 518 Saintes
42%
55 16 689 Verdun
42%
95 107 221 Argenteuil
41%
21 20 032 Beaune
41%
39 23 775 Dole
41%
06 48 323 Grasse
41%
83 55 103 Hyères
41%
65 13 509 Lourdes
41%
93 111 455 Montreuil
41%
42 34 762 Roanne
41%
12 11 720 Villefranche de Rouergue
41%
60 40 394 Compiègne
40%
38 31 051 Vienne
40%
80 9 781 Albert
39%
14 12 775 Bayeux
39%
13 48 568 Martigues
39%
12 21 712 Millau
39%
01 22 277 Oyonnax
39%
17 23 092 Rochefort
39%
973 41 515 Saint Laurent du Maroni
39%
02 28 705 Soissons
39%
69 66 363 Vénissieux
39%
33 66 760 Pessac
38%
57 42 163 Thionville
38%
93 90 071 Aubervilliers
37%
28 30 879 Dreux
37%
85 48 402 Les Sables d'Olonne
37%
18 25 348 Vierzon
37%
73 31 874 Aix les Bains
36%
71 45 031 Chalon sur Saône
36%
16 18 448 Cognac
36%
2B 7 654 Corte
36%
22 14 675 Dinan
36%
35 20 653 Fougères
36%
94 64 001 Ivry sur Seine
36%
73 19 812 Albertville
35%
974 81 943 Le Tampon
35%
53 12 900 Mayenne
35%
51 11 454 Vitry le François
35%
94 96 205 Vitry sur Seine
35%
74 37 918 Annemasse
34%
13 47 342 Aubagne
34%
31 26 466 Blagnac
34%
76 28 358 Dieppe
34%
50 11 223 La Hague
34%
83 62 763 La Seyne sur Mer
34%
14 19 807 Lisieux
34%
78 44 539 Mantes le Jolie
34%
52 23 068 Saint Dizier
34%
49 26 215 Saumur
34%
89 27 034 Sens
34%
973 25 793 Kourou
33%
22 20 344 Lannion
33%
34 29 103 Agde
32%
29 20 607 Concarneau
32%
83 39 745 Draguignan
32%
17 19 029 Royan
32%
80 22 595 Abbeville
31%
67 35 715 Haguenau
31%
971 53 514 Les Abymes
31%
25 17 849 Pontarlier
31%
78 44 380 Saint Germain en Laye
31%
24 8 812 Sarlat la Canéda
31%
59 62 067 Villeneuve d'Ascq
31%
64 41 153 Anglet
30%
06 52 580 Cagnes sur Mer
30%
84 30 769 Carpentras
30%
60 36 106 Creil
30%
38 36 849 Échirolles
30%
09 16 394 Pamiers
30%
88 19 319 Saint Dié des Vosges
30%
66 10 792 Argelès sur Mer
29%
50 10 240 Avranches
29%
86 31 384 Châtellerault
29%
52 3 548 Nogent
29%
60 21 382 Nogent sur Oise
29%
68 22 698 Saint Louis
29%
95 58 424 Sarcelles
29%
07 12 360 Aubenas
28%
92 88 870 Colombes
28%
51 22 001 Épernay
28%
72 14 937 La Flèche
28%
44 49 537 Saint Herblain
28%
02 15 204 Château Thierry
27%
57 21 130 Forbach
27%
37 38 183 Joué lès Tours
27%
91 50 962 Massy
27%
26 32 911 Romans sur Isère
27%
92 89 662 Asnières sur Seine
26%
46 9 770 Figeac
26%
04 22 926 Manosque
26%
44 42 998 Rezé
26%
63 18 736 Riom
26%
15 6 423 Saint Flour
26%
38 38 454 Saint Martin d'Hères
26%
57 20 624 Sarreguemines
26%
14 17 135 Vire Normandie
26%
91 52 683 Corbeil - Essonnes
25%
93 71 363 Drancy
25%
64 17 796 Hendaye
25%
63 15 014 Issoire
25%
36 10 992 Issoudun
25%
71 20 731 Le Creusot
25%
47 17 239 Marmande
25%
31 25 060 Muret
25%
69 52 139 Vaulx en Velin
25%
41 15 747 Vendôme
25%
35 18 998 Vitré
25%
07 16 873 Annonay
24%
93 86 135 Aulnay sous Bois
24%
71 13 145 Autun
24%
38 29 577 Bourgoin-Jallieu
24%
92 81 516 Courbevoie
24%
36 6 204 Le Blanc
24%
54 17 755 Lunéville
24%
94 75 441 Saint Maur des Fossés
24%
47 21 629 Villeneuve sur Lot
24%
69 48 822 Saint Priest
23%
67 34 129 Schiltigheim
23%
79 19 906 Bressuire
22%
11 12 448 Castelnaudary
22%
31 40 159 Colomiers
22%
52 7 697 Langres
22%
41 18 115 Romorantin-Lanthenay
22%
39 8 727 Saint Claude
22%
33 45 225 Talence
22%
65 7 000 Bagnères de Bigorre
21%
32 6 466 Condom
21%
50 12 581 Granville
21%
23 4 933 La Souterraine
21%
60 15 255 Senlis
21%
04 7 699 Sisteron
21%
19 9 159 Ussel
21%
61 13 291 Argentan
20%
23 3 108 Aubusson
20%
2B 9 678 Borgo
20%
94 77 724 Champigny sur Marne
20%
28 12 909 Châteaudun
20%
11 10 302 Limoux
20%
34 26 185 Lunel
20%
12 11 873 Onet le Château
20%
79 10 058 Parthenay
20%
974 57 150 Saint André
20%
10 12 775 Saint André les Vergers
20%
42 35 068 Saint Chamond
20%
07 11 191 Tournon sur Rhône
20%
43 6 518 Brioude
19%
84 25 923 Cavaillon
19%
67 27 118 Illkirch-Graffenstaden
19%
78 40 016 Poissy
19%
08 7 425 Rethel
19%
27 24 543 Vernon
19%
53 16 710 Château Gontier sur Mayenne
18%
42 16 064 Montbrison
18%
71 16 831 Montceau les Mines
18%
18 9 459 Saint Amand - Montrond
18%
43 7 345 Yssingeaux
18%
40 14 551 Biscarosse
17%
29 16 206 Landerneau
17%
70 7 918 Lure
17%
57 21 854 Montigny lès Metz
17%
86 7 307 Saint Benoît
17%
54 29 537 Vandœuvre lès Nancy
17%
01 14 854 Ambérieu en Bugey
16%
66 12 598 Canet en Roussillon
16%
82 14 178 Castelsarrasin
16%
77 54 309 Chelles
16%
04 5 118 Forcalquier
16%
14 22 227 Hérouville Saint Clair
16%
15 3 519 Mauriac
16%
45 22 855 Olivet
16%
971 24 151 Sainte Anne
16%
09 6 250 Saint Girons
16%
89 6 387 Avallon
15%
85 22 494 Challans
15%
976 17 831 Dzaoudzi
15%
45 21 438 Fleury les Aubrais
15%
88 7 833 Gérardmer
15%
56 23 026 Lanester
15%
74 17 164 Cluses
14%
05 6 404 Embrun
14%
61 14 482 Flers
14%
46 3 946 Gourdon
14%
85 16 453 Les Herbiers
14%
80 7 291 Péronne
14%
37 17 004 Saint Cyr sur Loire
14%
30 14 264 Saint Gilles
14%
44 28 283 Saint Sébastien sur Loire
14%
78 51 220 Sartrouville
14%
31 29 439 Tournefeuille
14%
01 16 295 Valserhône
14%
2B 7 654 Biguglia
13%
58 9 437 Cosne-Cours sur Loire
13%
42 17 137 Firminy
13%
95 42 841 Garges lès Gonesse
13%
22 16 845 Lamballe-Armor
13%
972 40 175 Le Lamentin
13%
62 30 149 Liévin
13%
2A 3 741 Propriano
13%
12 7 992 Saint Affrique
13%
76 28 965 Sotteville lès Rouen
13%
30 15 680 Beaucaire
12%
35 19 651 Bruz
12%
63 20 193 Cournon d'Auvergne
12%
81 15 663 Gaillac
12%
65 5 810 Lannemezan
12%
77 30 510 Savigny le Temple
12%
91 37 371 Savigny sur Orge
12%
79 14 000 Thouars
12%
26 19 581 Bourg lès Valence
11%
55 5 319 Commercy
11%
54 15 191 Longwy
11%
77 38 258 Pontault-Combault
11%
66 11 398 Saint Cyprien
11%
74 17 133 Sallanches
11%
03 12 598 Yzeure
11%
30 18 248 Bagnols sur Cèze
10%
63 17 454 Chamalières
10%
21 14 445 Chenôve
10%
72 8 799 La Ferté Bernard
10%
61 5 116 La Ferté Macé
10%
61 7 824 L'Aigle
10%
67 20 266 Lingolsheim
10%
27 18 350 Louviers
10%
82 13 748 Moissac
10%
85 20 605 Montaigu-Vendée
10%
973 21 638 Rémire-Montjoly
10%
10 14 766 Romilly sur Seine
10%
87 11 387 Saint Junien
10%
45 16 679 Saran
10%
33 40 500 Villenave d'Ornon
10%
27 11 919 Gisors
9%
08 6 347 Givet
9%
56 15 746 Hennebont
9%
70 10 478 Héricourt
9%
972 23 252 Le Robert
9%
11 10 953 Lézignan-Corbières
9%
48 4 738 Marvejols
9%
39 8 000 Champagnole
8%
58 5 152 Decize
8%
90 5 680 Delle
8%
29 15 460 Guipavas
8%
89 9 218 Joigny
8%
52 2 972 Joinville
8%
58 4 672 La Charité sur Loire
8%
73 12 299 La Motte-Servolex
8%
70 6 659 Luxeuil les Bains
8%
84 20 012 Pertuis
8%
56 18 591 Ploemeur
8%
48 4 096 Saint Chély d'Apcher
8%
972 19 908 Schoelcher
8%
02 13 431 Tergnier
8%
91 36 222 Athis-Mons
7%
25 13 944 Audincourt
7%
971 30 837 Baie Mahault
7%
49 23 639 Beaupréau en Mauges
7%
03 12 909 Cusset
7%
95 37 520 Franconville
7%
70 5 551 Gray
7%
07 11 203 Guilherand-Granges
7%
971 26 489 Le Gosier
7%
07 8 901 Le Teil
7%
32 9 324 L'Isle Jourdain
7%
28 15 602 Lucé
7%
26 13 799 Pierrelatte
7%
01 14 558 Saint Genis - Pouilly
7%
49 25 806 Sèvremoine
7%
16 9 995 Soyaux
7%
21 11 894 Talant
7%
27 12 647 Val de Reuil
7%
15 6 315 Arpajon sur Cère
6%
17 9 578 Aytré
6%
24 10 697 Boulazac Isle Manoire
6%
32 6 012 Fleurance
6%
81 13 166 Graulhet
6%
976 32 156 Koungou
6%
81 10 830 Lavaur
6%
43 8 925 Monistrol sur Loire
6%
37 15 000 Saint Avertin
6%
40 12 920 Tarnos
6%
24 7 268 Trélissac
6%
58 9 180 Varennes - Vauzelles
6%
72 11 013 Allonnes
5%
21 10 944 Chevigny Saint Sauveur
5%
36 7 625 Déols
5%
53 8 508 Évron
5%
87 7 853 Isle
5%
10 12 299 La Chapelle Saint Luc
5%
16 7 753 La Couronne
5%
48 2 867 Langogne
5%
09 6 035 Lavelanet
5%
04 5 981 Oraison
5%
971 24753 Petit Bourg
5%
22 14 704 Plérin
5%
08 5 815 Revin
5%
18 9 645 Saint Doulchard
5%
66 11 550 Sainte Estève
5%
16 7 525 Saint Yrieix sur Charente
5%
88 9 042 Thaon les Vosges
5%
47 9 337 Tonneins
5%
05 3 238 Veynes
5%
68 15 262 Wittenheim
5%
86 10 105 Buxerollles
4%
82 6 804 Caussade
4%
46 3 482 Gramat
4%
39 5 167 Hauts de Bienne
4%
68 14 829 Illzach
4%
47 9 373 Le Passage
4%
2B 6 091 Lucciana
4%
19 8 027 Malemort
4%
973 30 244 Matoury
4%
89 7 068 Migennes
4%
87 11 064 Panazol
4%
10 10 515 Sainte Savine
4%
55 3 924 Saint Mihiel
4%
51 10 552 Tinqueux
4%
25 10 765 Valentigney
4%
65 7 982 Aureilhan
3%
2A 4 251 Bastelicaccia
3%
23 2 450 Bourganeuf
3%
80 6 171 Corbie
3%
87 9 828 Couzeix
3%
32 4 014 Eauze
3%
88 8 849 Golbey
3%
05 3 585 Laragne - Montéglin
3%
73 9 042 La Ravoire
3%
79 8 597 Mauléon
3%
18 6 448 Mehun sur Yèvre
3%
48 2 300 Peyre en Aubrac
3%
53 7 353 Saint Berthevin
3%
09 4 815 Saverdun
3%
90 5 236 Valdoie
3%
28 12 455 Vernouillet
3%
41 8 067 Vineuil
3%
43 6 171 Aurec sur Loire
2%
976 15 848 Dembeni
2%
972 17 400 Ducos
2%
86 7 687 Jaunay-Marigny
2%
41 6 235 Le Controis en Sologne
2%
36 5 840 Le Poinçonnet
2%
55 3 803 Ligny en Barrois
2%
82 6 650 Montech
2%
23 2 497 Sainte Feyre
2%
19 4 883 Saint Pantaléon de Larche
2%
15 4 322 Ytrac
2%
2A 3 587 Alata
1%
976 13 989 Bandraboua
1%
90 4 595 Bavilliers
1%
90 5 005 Beaucourt
1%
46 3 584 Pradines
1%
Aucun quiz correspondant
Distribution des résultats
% des personnes avec chaque résultat
Percentile par nombre de réponses
Votre historique - résultats
Vous n’avez pas pris ce quiz depuis la dernière actualisation